000 00654nam a2200241Ia 4500
005 20250425162126.0
008 250425s9999 xx 000 0 und d
020 _a1937003548
041 _aeng
082 _a305.235
100 _aDURYEA, SUSANA
245 0 _aCRITICAL DECISIONS AT A CRITICAL AGE:ADOLESCENTS AND YOUNG ADULTS IN LATINA AMERICA
250 _aS.E.
260 _aEstados Unidos
_bINTER-AMERICAN DEVELOPMENT BANK
_c2003
260 _aWASHINGTON
300 _a259
650 _aADOLESCENCIA
650 _aDECISIONES
650 _aLATINOAMERICA
710 _aLATIN AMERICAN RESEARCH NETWORK
942 _c01
010 _a51411
999 _c222833
_d222833